[Event "Moscow CCL Winter"]
[Site "Moscow"]
[Date "2024.03.11"]
[Round "6"]
[White "Akhmedov, David"]
[Black "Sitnikov, Anton"]
[Result "0-1"]
[WhiteElo "2244"]
[BlackElo "2370"]
[PlyCount "112"]
[EventDate "2024.03.08"]
[EventType "tourn"]
[EventRounds "9"]
[EventCountry "RUS"]
[EventCategory "1"]
[SourceTitle "CB13_2024"]
[SourceDate "2024.03.27"]
[SourceVersion "1"]
[SourceVersionDate "2024.03.27"]
[SourceQuality "1"]

1. c4 e5 2. Nc3 Bb4 3. Nd5 Bc5 4. b4 Bf8 5. Bb2 c6 6. Ne3 f6 7. Qb3 a5 8. bxa5 Qxa5 9. g3 Na6 10. Bg2 Nc5 11. Qc2 Na4 12. Bc1 Nh6 13. Nf3 Bc5 14. 0-0 d6 15. Qb3 e4 16. Ne1 Bd4 17. Rb1 f5 18. N1c2 Nc5 19. Qa3 Qxa3 20. Bxa3 Bxe3 21. fxe3 Nf7 22. Bxc5 dxc5 23. a3 Ne5 24. Rb3 Ke7 25. d3 Rd8 26. Ne1 g6 27. Rc3 Ra4 28. h3 Be6 29. g4 exd3 30. Nxd3 Nxd3 31. exd3 fxg4 32. h4 Bf5 33. Rd1 Kd6 34. Rb3 Kc7 35. Rc3 Rda8 36. Ra1 R8a6 37. Kf2 Rb6 38. Kg3 Rb2 39. Be4 Bxe4 40. dxe4 h5 41. Kf4 Rf2+ 42. Kg5 g3 43. Rg1 g2 44. e5 b5 45. cxb5 Rg4+ 46. Kh6 Rf1 47. Rxg2 Rxg2 48. Rxc5 Rg4 49. Rxc6+ Kb7 50. Rxg6 Rxh4 51. e6 Re4 52. a4 Rxa4 53. Kxh5 Re4 54. Kh6 Kb6 55. Kg7 Kxb5 56. Rg2 Rxe6 0-1

[Event "Moscow CCL Winter"]
[Site "Moscow"]
[Date "2024.03.09"]
[Round "3"]
[White "Akhmedov, David"]
[Black "Sargissyan, Sargis"]
[Result "1-0"]
[WhiteElo "2244"]
[BlackElo "2275"]
[PlyCount "78"]
[EventDate "2024.03.08"]
[EventType "tourn"]
[EventRounds "9"]
[EventCountry "RUS"]
[EventCategory "1"]
[SourceTitle "CB13_2024"]
[SourceDate "2024.03.27"]
[SourceVersion "1"]
[SourceVersionDate "2024.03.27"]
[SourceQuality "1"]

1. c4 e5 2. Nc3 Nf6 3. g3 d5 4. cxd5 Nxd5 5. Bg2 Nb6 6. e3 Nc6 7. Nge2 Bf5 8. d4 Qd7 9. dxe5 Qxd1+ 10. Nxd1 Bb4+ 11. Ndc3 Nxe5 12. Bxb7 Rb8 13. Bg2 Nd3+ 14. Kf1 0-0 15. Nd4 Bd7 16. Bc6 Bh3+ 17. Bg2 Bd7 18. Ke2 c5 19. Kxd3 cxd4 20. exd4 Bxc3 21. bxc3 Bb5+ 22. Kc2 Ba4+ 23. Kd3 Bb5+ 24. Kc2 Ba4+ 25. Kd2 Nc4+ 26. Ke1 Rfe8+ 27. Kf1 Bb5 28. Bf4 Rb6 29. Kg1 Ba6 30. Bf3 h6 31. h4 Rf6 32. Kg2 g5 33. hxg5 hxg5 34. Bxg5 Rxf3 35. Kxf3 Bb7+ 36. Kg4 f5+ 37. Kh3 Bxh1 38. Rxh1 Re2 39. d5 Kf7 1-0

[Event "Wch Blitz"]
[Site "Samarkand"]
[Date "2023.12.29"]
[Round "1"]
[White "Ruck, Robert"]
[Black "Akhmedov, David"]
[Result "0-1"]
[WhiteElo "2531"]
[BlackElo "2244"]
[PlyCount "90"]
[EventDate "2023.12.29"]
[EventType "swiss (blitz)"]
[EventRounds "21"]
[EventCountry "UZB"]
[SourceTitle "CB01_2024"]
[SourceDate "2024.01.03"]
[SourceVersion "1"]
[SourceVersionDate "2024.01.03"]
[SourceQuality "1"]

1. Nf3 Nf6 2. c4 g6 3. d4 Bg7 4. g3 0-0 5. Bg2 d6 6. 0-0 Nbd7 7. Nc3 e5 8. e4 Re8 9. h3 c6 10. Re1 Qc7 11. Be3 b6 12. Qd2 Bb7 13. Rad1 a6 14. a3 Rad8 15. Bg5 Rc8 16. Rc1 Qb8 17. Bh6 Bh8 18. Bg5 b5 19. cxb5 cxb5 20. d5 Nc5 21. Qd1 Bg7 22. b4 Ncd7 23. Be3 Rc7 24. Nd2 Rec8 25. Qb3 Ne8 26. Qb2 f5 27. Nb3 f4 28. Bd2 fxg3 29. fxg3 Nef6 30. Na5 Nh5 31. Kh2 Nb6 32. Bf3 Nf6 33. Be3 Nc4 34. Nxc4 Rxc4 35. Be2 R4c7 36. Rf1 Rf7 37. Kg2 Qc7 38. Nxb5 Qd7 39. Rxc8+ Bxc8 40. Nc3 Qxh3+ 41. Kf2 Nxe4+ 42. Ke1 Qxg3+ 43. Kd1 Rxf1+ 44. Bxf1 Qxe3 45. Nxe4 Qxe4 0-1

[Event "Wch Rapid"]
[Site "Samarkand"]
[Date "2023.12.27"]
[Round "9"]
[White "Akhmedov, David"]
[Black "Terry, Renato"]
[Result "0-1"]
[WhiteElo "2244"]
[BlackElo "2522"]
[PlyCount "176"]
[EventDate "2023.12.26"]
[EventType "swiss (rapid)"]
[EventRounds "13"]
[EventCountry "UZB"]
[SourceTitle "CB01_2024"]
[SourceDate "2024.01.03"]
[SourceVersion "1"]
[SourceVersionDate "2024.01.03"]
[SourceQuality "1"]

1. c4 e5 2. Nc3 Nc6 3. g3 g6 4. Bg2 Bg7 5. e3 d6 6. Nge2 h5 7. h3 h4 8. g4 f5 9. gxf5 Bxf5 10. d3 Qd7 11. a3 Nge7 12. b4 Be6 13. Ne4 Nd8 14. Bb2 Nf7 15. Rc1 0-0 16. d4 b6 17. dxe5 dxe5 18. Qxd7 Bxd7 19. 0-0 Rad8 20. N2c3 c6 21. c5 b5 22. Nd6 Ng5 23. Kh2 Nf3+ 24. Kh1 g5 25. Rcd1 Be6 26. Nce4 Bh6 27. Bxf3 Rxf3 28. Nf7 Kxf7 29. Rxd8 Ng6 30. Nd6+ Kg7 31. Kg2 g4 32. Re8 Bd5 33. hxg4 Rxe3+ 34. Kg1 Re2 35. Ba1 Bf4 36. Nf5+ Kf7 37. Rd8 h3 38. Rxd5 cxd5 39. c6 Ke6 40. Rd1 Rc2 41. Bd4 Rxc6 42. Bc5 Rc8 43. Ng7+ Kf7 44. Nf5 h2+ 45. Kh1 Ke6 46. Ng7+ Kf6 47. Nh5+ Kg5 48. Rxd5 Kxg4 49. Nxf4 exf4 50. Kxh2 Nh4 51. Rd7 a6 52. Kg1 Re8 53. Kf1 Nf3 54. Kg2 Ne1+ 55. Kf1 Nc2 56. Rd3 Re1+ 57. Kg2 Re2 58. Rd6 f3+ 59. Kh2 Nxa3 60. Rg6+ Kf4 61. Rf6+ Kg4 62. Rg6+ Kf4 63. Rf6+ Ke4 64. Kg3 Nc4 65. Rxf3 Re1 66. Rf6 Rg1+ 67. Kh2 Ra1 68. f3+ Kd5 69. Rf5+ Ke6 70. Rf8 Ra3 71. Kg3 Ne5 72. Kg2 Nd3 73. Re8+ Kd7 74. Re7+ Kc6 75. Ba7 Nxb4 76. Re6+ Kd5 77. Re8 Nc6 78. Bb6 b4 79. f4 b3 80. Re1 b2 81. Rb1 Rb3 82. Bc7 Ke4 83. f5 Kxf5 84. Kf2 Nd4 85. Ke1 Nb5 86. Kd2 Na3 87. Rf1+ Ke6 88. Re1+ Kd7 0-1

[Event "Wch U14"]
[Site "Montesilvano"]
[Date "2023.11.15"]
[Round "3"]
[White "Medhus, Vitus Bondo"]
[Black "Akhmedov, David"]
[Result "1-0"]
[WhiteElo "2108"]
[BlackElo "2240"]
[PlyCount "91"]
[EventDate "2023.11.13"]
[EventType "swiss"]
[EventRounds "11"]
[EventCountry "ITA"]
[SourceTitle "CB48_2023"]
[SourceDate "2023.11.29"]
[SourceVersion "1"]
[SourceVersionDate "2023.11.29"]
[SourceQuality "1"]

1. e4 c5 2. Nc3 Nc6 3. Nge2 g6 4. g3 Bg7 5. Bg2 Rb8 6. a4 a6 7. b3 e6 8. f4 d6 9. 0-0 Nge7 10. Bb2 0-0 11. Qc1 d5 12. d3 d4 13. Nb1 b6 14. Nd2 Bb7 15. Nf3 f5 16. Qd2 Qd7 17. Rae1 Rbd8 18. Nc1 h6 19. Ba3 Kh7 20. a5 fxe4 21. dxe4 Nxa5 22. Bxc5 bxc5 23. Qxa5 Qb5 24. Qd2 Nc6 25. Rf2 Qb6 26. Nd3 a5 27. Nb2 Qc7 28. Nc4 Ba6 29. e5 Bxc4 30. bxc4 Nb4 31. Nh4 Rg8 32. Be4 Bf8 33. Qe2 Rd7 34. Qg4 Rdg7 35. Qxe6 Qe7 36. Qh3 Kh8 37. f5 Qxe5 38. Nxg6+ Rxg6 39. fxg6 Bg7 40. Rf7 Rd8 41. Qh4 Re8 42. Ref1 d3 43. cxd3 Qd4+ 44. R1f2 Nxd3 45. Bxd3 Qxd3 46. Rxg7 1-0

[Event "RUS-chT Blitz"]
[Site "Sochi"]
[Date "2023.10.17"]
[Round "10.27"]
[White "Akhmedov, David"]
[Black "Drygalov, Andrey"]
[Result "0-1"]
[WhiteElo "2240"]
[BlackElo "2475"]
[PlyCount "118"]
[EventDate "2023.10.17"]
[EventType "team-swiss (blitz)"]
[EventRounds "13"]
[EventCountry "RUS"]
[SourceTitle "Mega2024 Update 01"]
[Source "Chessbase"]
[SourceDate "2023.11.12"]
[SourceVersion "1"]
[SourceVersionDate "2023.11.12"]
[SourceQuality "1"]
[WhiteTeam "Moscow Botvinnik School"]
[BlackTeam "Krasnoyarsk Region Enisey"]
[WhiteTeamCountry "RUS"]
[BlackTeamCountry "RUS"]

1. e4 c5 2. Nf3 d6 3. g3 Nf6 4. c3 Nc6 5. d3 g6 6. Bg2 Bg7 7. 0-0 0-0 8. Re1 e5 9. a3 h6 10. b4 b6 11. b5 Na5 12. c4 Be6 13. Bd2 Nb7 14. Nc3 Qd7 15. a4 Bh3 16. Bh1 Bg4 17. Qc1 Kh7 18. Nh4 Na5 19. Ra3 Nh5 20. Nd5 Be6 21. Ne3 Rae8 22. Nef5 Bxf5 23. exf5 g5 24. Nf3 Nf6 25. Bxa5 bxa5 26. Qd2 Qc7 27. Raa1 Rd8 28. Qc2 Qc8 29. Qd2 Qc7 30. Rad1 Rfe8 31. h3 d5 32. cxd5 Nxd5 33. Rc1 Nb4 34. Re3 e4 35. Ne1 exd3 36. Rxe8 Rxe8 37. Nxd3 Qd6 38. Rd1 Nxd3 39. f6 c4 40. fxg7 Kxg7 41. Qc3+ Qf6 42. Qxf6+ Kxf6 43. Bd5 Nb2 44. Rc1 Rd8 45. Bc6 Rd1+ 46. Rxd1 Nxd1 47. Kf1 Nb2 48. Ke2 Nxa4 49. Kd2 Ke5 50. Kc2 Kd4 51. g4 f6 52. f3 Nc5 53. Be8 Nd3 54. Bc6 Nb4+ 55. Kb2 c3+ 56. Kb3 a4+ 57. Ka3 c2 58. Kb2 Kd3 59. Be4+ Kd2 0-1

[Event "RUS-ch Rapid"]
[Site "Sochi"]
[Date "2023.10.15"]
[Round "4"]
[White "Akhmedov, David"]
[Black "Pridorozhni, Aleksei"]
[Result "1/2-1/2"]
[WhiteElo "2240"]
[BlackElo "2486"]
[PlyCount "177"]
[EventDate "2023.10.15"]
[EventType "swiss (rapid)"]
[EventRounds "11"]
[EventCountry "RUS"]
[SourceTitle "Mega2024 Update 01"]
[Source "Chessbase"]
[SourceDate "2023.11.12"]
[SourceVersion "1"]
[SourceVersionDate "2023.11.12"]
[SourceQuality "1"]

1. e4 c5 2. Nf3 e6 3. d3 Nc6 4. g3 d5 5. Nbd2 Bd6 6. Bg2 Nge7 7. 0-0 0-0 8. Nh4 b6 9. f4 dxe4 10. dxe4 Ba6 11. Re1 e5 12. f5 f6 13. Bf1 Bxf1 14. Rxf1 b5 15. c4 a6 16. cxb5 Nd4 17. bxa6 Rxa6 18. Nc4 Nec6 19. Bd2 Qd7 20. Ng2 Rb8 21. Nge3 Bf8 22. Bc3 Qb7 23. Qg4 Nb5 24. Nd5 Ne7 25. Nce3 Kh8 26. Nxe7 Bxe7 27. Nd5 Bf8 28. Qe2 Rba8 29. a3 Ra4 30. Rfe1 c4 31. Rad1 Bc5+ 32. Kg2 Bd4 33. Bb4 Nc7 34. Nxc7 Qxc7 35. Rc1 Rc8 36. b3 Rxb4 37. axb4 c3 38. Rc2 Qb7 39. b5 h6 40. Qd3 Rc5 41. Rec1 Rxb5 42. Rxc3 Bxc3 43. Rxc3 Kh7 44. Qf3 Rb4 45. Re3 Rd4 46. Qh5 Rd8 47. Qe2 Qb4 48. Kh3 Qd4 49. Qf3 Qd2 50. Rc3 Rb8 51. Rd3 Qc2 52. Rd7 Qxb3 53. Qg4 Rg8 54. Re7 Qb4 55. Re8 Qb5 56. Qg6+ Kh8 57. Rxg8+ Kxg8 58. Kh4 Kf8 59. Qg4 Qd3 60. h3 Qd2 61. Kh5 Qe3 62. Qh4 Qd3 63. Qg4 Qb3 64. Qg6 Qd3 65. Qg4 Qc4 66. Qf3 Kg8 67. Qg4 Qc6 68. Qg6 Kf8 69. Qg4 Qb7 70. Qf3 Qf7+ 71. Kh4 Kg8 72. Qh5 Qd7 73. Qg6 Qc6 74. Kh5 Kf8 75. Qg4 Qc4 76. Qf3 Qc1 77. Qg4 Qe3 78. Qh4 Qe2+ 79. Qg4 Qd2 80. Qh4 Qd1+ 81. Qg4 Qf1 82. Qh4 Qb5 83. Qg4 Qc6 84. Qf3 Qe8+ 85. Kh4 Kg8 86. Qg4 Kh7 87. Qh5 Qd7 88. Qg6+ Kg8 89. Kh5 1/2-1/2

[Event "RUS-ch Blitz"]
[Site "Sochi"]
[Date "2023.10.14"]
[Round "9"]
[White "Akhmedov, David"]
[Black "Vastrukhin, Oleg"]
[Result "0-1"]
[WhiteElo "2240"]
[BlackElo "2343"]
[PlyCount "57"]
[EventDate "2023.10.14"]
[EventType "swiss (blitz)"]
[EventRounds "13"]
[EventCountry "RUS"]
[SourceTitle "Mega2024 Update 01"]
[Source "Chessbase"]
[SourceDate "2023.11.12"]
[SourceVersion "1"]
[SourceVersionDate "2023.11.12"]
[SourceQuality "1"]

1. e4 e6 2. d3 d5 3. Nd2 Nf6 4. Ngf3 Be7 5. g3 b6 6. Bg2 Bb7 7. 0-0 c5 8. Re1 Nc6 9. a3 h6 10. c3 Qc7 11. b4 dxe4 12. dxe4 Rd8 13. Bb2 0-0 14. Qe2 Ng4 15. Rad1 Nce5 16. Nxe5 Nxe5 17. Nf3 Bf6 18. Nxe5 Bxe5 19. f4 Bf6 20. e5 Be7 21. Bxb7 Qxb7 22. Bc1 cxb4 23. cxb4 a5 24. bxa5 bxa5 25. a4 Qb3 26. Be3 Bb4 27. Rxd8 Rxd8 28. Rc1 Qxa4 29. Bb6 0-1

[Event "Cheliabinsk Lozovatsky Memorial-A"]
[Site "Cheliabinsk"]
[Date "2023.01.31"]
[Round "5"]
[White "Kurmangaliyeva, Liya"]
[Black "Akhmedov, David"]
[Result "1/2-1/2"]
[WhiteElo "2267"]
[BlackElo "2109"]
[PlyCount "153"]
[EventDate "2023.01.27"]
[EventType "swiss"]
[EventRounds "10"]
[EventCountry "RUS"]
[SourceTitle "CBM 212 Extra"]
[Source "ChessBase"]
[SourceDate "2023.03.31"]
[SourceVersion "1"]
[SourceVersionDate "2023.03.31"]
[SourceQuality "1"]

1. d4 Nf6 2. c4 e6 3. Nc3 Bb4 4. f3 d5 5. a3 Be7 6. e4 dxe4 7. fxe4 c5 8. d5 exd5 9. exd5 0-0 10. Be2 Bd6 11. Nf3 Re8 12. 0-0 Bg4 13. Nb5 a6 14. Nxd6 Qxd6 15. Qc2 Nbd7 16. a4 Re4 17. Bg5 Rae8 18. Bd1 h6 19. Bd2 Nh5 20. Ne1 Ndf6 21. Bf3 Bxf3 22. Nxf3 Re2 23. Rae1 Ng3 24. Qd3 Rxe1 25. Rxe1 Rxe1+ 26. Bxe1 Nge4 27. Qe3 b5 28. b3 bxc4 29. bxc4 Qb6 30. h3 Qb1 31. a5 Qc2 32. Ne5 Ne8 33. Qd3 Qxd3 34. Nxd3 N8d6 35. Bf2 Nxc4 36. Bxc5 Nxa5 37. d6 Nc6 38. Ba3 Nb8 39. Ne5 Nf6 40. Kf2 Nfd7 41. Nd3 f5 42. Ke3 Nc6 43. g4 fxg4 44. hxg4 Nce5 45. Nxe5 Nxe5 46. Ke4 Nd7 47. g5 hxg5 48. Kf5 Kf7 49. Kxg5 a5 50. Kf5 a4 51. Bb4 g6+ 52. Kg5 Nf8 53. Kf4 Kf6 54. Bc3+ Ke6 55. Bb4 Nd7 56. Kg5 Ne5 57. Bc5 Nf7+ 58. Kxg6 Nxd6 59. Bb4 Ne4 60. Kh5 Nf2 61. Kh4 Kd5 62. Kg3 Kc4 63. Be7 Nd3 64. Kf3 Nc5 65. Ke2 a3 66. Kd1 Kc3 67. Kc1 a2 68. Bf6+ Kb3 69. Ba1 Nd3+ 70. Kd2 Nb2 71. Kc1 Nc4 72. Bd4 Ne3 73. Ba1 Nc4 74. Bd4 Na3 75. Ba1 Nc2 76. Bf6 Ne1 77. Ba1 1/2-1/2

[Event "Cheliabinsk Lozovatsky Memorial-A"]
[Site "Cheliabinsk"]
[Date "2023.01.30"]
[Round "4"]
[White "Akhmedov, David"]
[Black "Efremov, Vladislav"]
[Result "1/2-1/2"]
[WhiteElo "2109"]
[BlackElo "2218"]
[PlyCount "136"]
[EventDate "2023.01.27"]
[EventType "swiss"]
[EventRounds "10"]
[EventCountry "RUS"]
[SourceTitle "CBM 212 Extra"]
[Source "ChessBase"]
[SourceDate "2023.03.31"]
[SourceVersion "1"]
[SourceVersionDate "2023.03.31"]
[SourceQuality "1"]

1. e4 e6 2. d3 d5 3. Nd2 Nf6 4. Ngf3 c5 5. g3 Nc6 6. Bg2 Be7 7. 0-0 b6 8. Re1 Bb7 9. c3 Qc7 10. Qe2 0-0 11. e5 Nd7 12. Nf1 b5 13. h4 d4 14. N1h2 dxc3 15. bxc3 b4 16. c4 Rfd8 17. Ng4 h5 18. Ngh2 Ndxe5 19. Nxe5 Nxe5 20. Qxe5 Qxe5 21. Rxe5 Bxg2 22. Kxg2 Bf6 23. Bb2 Bxe5 24. Bxe5 Rxd3 25. Nf1 Rad8 26. Re1 f6 27. Bf4 e5 28. Be3 Rc3 29. Bxc5 Rxc4 30. Bxa7 Ra8 31. Be3 Rxa2 32. Rb1 Ra3 33. Nd2 Rc2 34. Rxb4 Rxe3 35. fxe3 Rxd2+ 36. Kf3 Kf7 37. Rb7+ Kg6 38. e4 Rd3+ 39. Kf2 Rd8 40. Kf3 Rf8 41. Ra7 Rf7 42. Ra8 Kh7 43. Re8 g6 44. Ke3 Kg7 45. Kf3 Rd7 46. Ke3 Kf7 47. Rh8 Ke6 48. Re8+ Re7 49. Rf8 Ra7 50. Rg8 Kf7 51. Rh8 Re7 52. Kf3 Kg7 53. Ra8 f5 54. exf5 gxf5 55. Ra3 Rb7 56. Rc3 Rb6 57. Rc7+ Kg6 58. Rc3 Kf6 59. Rc8 Rb3+ 60. Kf2 Rb2+ 61. Ke3 Rb3+ 62. Kf2 e4 63. Rh8 Rb2+ 64. Kf1 Rb3 65. Kf2 Rf3+ 66. Kg2 Ke5 67. Rxh5 Kd4 68. Rg5 f4 1/2-1/2

[Event "Cheliabinsk Lozovatsky Memorial-A"]
[Site "Cheliabinsk"]
[Date "2023.01.27"]
[Round "1"]
[White "Palachev, Petr"]
[Black "Akhmedov, David"]
[Result "1-0"]
[WhiteElo "2340"]
[BlackElo "2109"]
[PlyCount "49"]
[EventDate "2023.01.27"]
[EventType "swiss"]
[EventRounds "10"]
[EventCountry "RUS"]
[SourceTitle "CBM 212 Extra"]
[Source "ChessBase"]
[SourceDate "2023.03.31"]
[SourceVersion "1"]
[SourceVersionDate "2023.03.31"]
[SourceQuality "1"]

1. Nf3 d5 2. d4 Nf6 3. c4 dxc4 4. e3 e6 5. Bxc4 c5 6. 0-0 a6 7. Nbd2 Nbd7 8. e4 cxd4 9. e5 Ng4 10. Re1 h5 11. h3 b5 12. Bb3 Nh6 13. Ne4 Nc5 14. Bg5 Qb6 15. Ng3 Nxb3 16. axb3 Bc5 17. Nxh5 Nf5 18. Nd2 Bb7 19. Ne4 Bb4 20. Nhf6+ gxf6 21. Nxf6+ Ke7 22. Nd5+ Kf8 23. Nxb6 Rg8 24. Nd7+ Ke8 25. Nf6+ 1-0